| 000 | 00891nam a22002297a 4500 | ||
|---|---|---|---|
| 005 | 20240530110940.0 | ||
| 008 | 160103s2006 ua g b 000 0 ara d | ||
| 020 | _a9776363106 | ||
| 040 | _aEG-CaGPL | ||
| 082 | 0 | 4 |
_221 _a522.109 / _bم ا |
| 110 | _aمكتبة الاسكندرية | ||
| 245 | 1 | 0 |
_aاسهامات الحضارة العربية والاسلامية فى علوم الفلك من واقع المخطوطات العلمية بمكتبة الازهر / _cمكتبة الاسكندرية |
| 250 | _aط1 | ||
| 260 |
_aالاسكندرية : _bمكتبة الاسكندرية، _c2006 |
||
| 300 |
_a125 ص ؛ _c24 سم . |
||
| 650 | 0 | 4 | _aعلماء الفلك |
| 650 | 0 | 4 | _aالفلك فى الحضارة الاسلامية |
| 650 | 0 | 4 | _aالفلك العربى |
| 650 | 0 | 4 |
_aالفلك _xفلسفة |
| 942 |
_2ddc _cBK |
||
| 999 |
_c66803 _d66803 |
||